[Event "Challenge"]
[Site "http://www.queenalice.com/game.php?id=219216"]
[Date "2007.6.1"]
[Round "-"]
[White "jwh"]
[Black "pauluk"]
[Result "0-1"]
[WhiteElo "1269"]
[BlackElo "1658"]

1. Nc3 d5 2. e4 d4 3. Nd5 c6 4. Nf4 e5 5. Nd3 Nf6 6. f3 Be6 7. g4 Be7 8. Nf2 O-O
9. d3 Bb4+ 10. Bd2 c5 11. g5 Nh5 12. Ng4 Nf4 13. a3 Ba5 14. Nxe5 Qxg5 15. Nc4
Qh4# 0-1

[Event "practice makes perfect"]
[Site "http://www.queenalice.com/game.php?id=226548"]
[Date "2007.6.17"]
[Round "-"]
[White "pauluk"]
[Black "jwh"]
[Result "1-0"]
[WhiteElo "1660"]
[BlackElo "1288"]

1. e4 e5 2. Nf3 Nc6 3. Bc4 Nd4 4. c3 Nxf3+ 5. Qxf3 Nh6 6. d4 f6 7. Bxh6 gxh6 8.
Qh5+ Ke7 9. Qf7+ Kd6 10. dxe5+ fxe5 11. Na3 Qe7 12. Qd5# 1-0

[Event "Challenge"]
[Site "http://www.queenalice.com/game.php?id=238746"]
[Date "2007.7.12"]
[Round "-"]
[White "pauluk"]
[Black "Abstro"]
[Result "1-0"]
[WhiteElo "1695"]
[BlackElo "1701"]

1. e4 c5 2. Nf3 Nc6 3. Bc4 h6 4. d4 cxd4 5. Nxd4 e5 6. Nf5 Nf6 7. Nc3 d6 8. Nb5
Nxe4 9. Qd5 Qf6 10. Bd3 Bxf5 11. Bxe4 O-O-O 12. Nxa7+ Kb8 13. Nxc6+ bxc6 14.
Qxc6 Bxe4 15. Qxe4 d5 16. Qd3 Qb6 17. O-O Bc5 18. Qg3 Qf6 19. c3 Bd6 20. b4 g5
21. Be3 e4 22. f4 Qg7 23. Bd4 f6 24. Qg4 Rhf8 25. fxg5 hxg5 26. Qe6 Qd7 27. Qxd7
Rxd7 28. Bxf6 Rdf7 29. Bxg5 Bxh2+ 30. Kxh2 Rxf1 31. Rxf1 Rxf1 32. a4 Kb7 33. Kg3
Kc6 34. Be3 Ra1 35. a5 Kb5 36. Kf4 Kc4 37. Bd4 Re1 38. a6 1-0

[Event "Challenge"]
[Site "http://www.queenalice.com/game.php?id=282244"]
[Date "2007.10.6"]
[Round "-"]
[White "lupo1"]
[Black "pauluk"]
[Result "1-0"]
[WhiteElo "1758"]
[BlackElo "1729"]

1. e4 e5 2. Nf3 Nc6 3. Bc4 Nf6 4. Ng5 d5 5. exd5 Nxd5 6. Nxf7 Kxf7 7. Qf3+ Ke6
8. Nc3 Nb4 9. O-O c6 10. Bb3 Qf6 11. Qe4 Qf5 12. Qc4 b5 13. Qe2 a6 14. g4 Qf4
15. d3 Qd4 16. Be3 Kd6 17. Bxd4 exd4 18. Nxd5 cxd5 19. Rfe1 Nc6 20. Qf3 Nb4 21.
c3 dxc3 22. bxc3 Nc6 23. Bxd5 Bd7 24. Bf7 Be7 25. Qf4+ Kc5 26. Qc7 Ra7 27. Re5#
1-0

[Event "Another"]
[Site "http://www.queenalice.com/game.php?id=288409"]
[Date "2007.10.17"]
[Round "-"]
[White "jwh"]
[Black "pauluk"]
[Result "1-0"]
[WhiteElo "1575"]
[BlackElo "1700"]

1. e4 e5 2. Nf3 Nf6 3. Nxe5 Nxe4 4. Qe2 d5 5. d3 Qd6 6. Nf3 Bg4 7. dxe4 Qb4+ 8.
Nc3 Be7 9. a3 Qa5 10. exd5 Bxf3 11. Qxf3 O-O 12. Bd3 Nd7 13. O-O Ne5 14. Bxh7+
Kxh7 15. Qh5+ Kg8 16. Qxe5 Bf6 17. Qg3 Rfe8 18. Bf4 c6 19. d6 Rad8 20. Rfc1 Be5
21. Re1 Bxf4 22. Qxf4 Kf8 23. b4 Rxe1+ 24. Rxe1 Qxa3 25. Qh4 f6 26. Qh8+ Kf7 27.
Re7+ Kg6 28. Rxg7+ Kf5 29. Qh5+ 1-0

[Event "Challenge"]
[Site "http://www.queenalice.com/game.php?id=290633"]
[Date "2007.10.21"]
[Round "-"]
[White "pauluk"]
[Black "BboyH"]
[Result "1-0"]
[WhiteElo "1637"]
[BlackElo "1664"]

1. e4 e5 2. Nf3 Nc6 3. Bc4 h6 4. Nc3 Bb4 5. a3 Bc5 6. b4 Bd4 7. Bb2 Nf6 8. O-O
O-O 9. Nxd4 Nxd4 10. Ne2 Nc6 11. Bd5 Ne7 12. c4 c6 13. Bxe5 Nexd5 14. exd5 Ng4
15. Bg3 d6 16. dxc6 bxc6 17. d4 Ba6 18. Rc1 d5 19. c5 Re8 20. Re1 Qf6 21. Nf4
Qf5 22. h3 Nf6 23. Rc3 Re4 24. Rf3 Rxe1+ 25. Qxe1 Re8 26. Re3 Re4 27. Rxe4 dxe4
28. Qd1 g5 29. Ne2 h5 30. Be5 Nd5 31. Ng3 Nc3 32. Qxh5 Qh7 33. Qxg5+ Qg6 34.
Qd8+ Kh7 35. Qh8# 1-0

[Event "Another game?"]
[Site "http://www.queenalice.com/game.php?id=295138"]
[Date "2007.10.29"]
[Round "-"]
[White "jwh"]
[Black "pauluk"]
[Result "1-0"]
[WhiteElo "1684"]
[BlackElo "1663"]

1. e4 c6 2. d4 d5 3. e5 b6 4. Nf3 c5 5. dxc5 bxc5 6. Bb5+ Bd7 7. Qxd5 Bxb5 8.
Qxa8 Qb6 9. Qe4 Bc6 10. Qe2 e6 11. Nbd2 Ne7 12. Nc4 Bxf3 13. gxf3 Qc6 14. Nd6+
Kd7 15. Nxf7 Rg8 16. Bg5 h6 17. O-O-O+ Nd5 18. Qe4 hxg5 19. Qh7 Ke8 20. Qxg8 Nd7
21. Nxg5 Kd8 22. Rhg1 Nf4 23. Qxf8+ Kc7 24. Qxf4 Qa6 25. Qf7 Qa4 26. Nxe6+ 1-0

[Event "jwh blk."]
[Site "http://www.queenalice.com/game.php?id=309839"]
[Date "2007.11.25"]
[Round "-"]
[White "pauluk"]
[Black "jwh"]
[Result "1-0"]
[WhiteElo "1664"]
[BlackElo "1830"]

1. e4 e5 2. Nf3 Nc6 3. Bb5 Nf6 4. d4 exd4 5. Nxd4 Nxe4 6. Qe2 Nxd4 7. Qxe4+ Qe7
8. Bd3 d5 9. Qxe7+ Bxe7 10. O-O Bd7 11. Be3 Bc5 12. c3 Ne6 13. Re1 O-O 14. b4
Be7 15. Nd2 Ba4 16. Nf3 Bf6 17. Rac1 Rad8 18. Bd4 Bg5 19. Nxg5 Nxg5 20. Re3 b6
21. Rg3 f6 22. Re1 Ne4 23. Rg4 h5 24. Rh4 Be8 25. Bxe4 g5 26. Bxd5+ Rxd5 27.
Rhe4 Bg6 28. Re7 c5 29. bxc5 bxc5 30. Be3 Rd3 31. Bxc5 Rxc3 32. Bxa7 Ra3 33.
R1e2 Bb1 34. Bc5 Rxa2 35. h3 Rc2 36. Rxc2 Bxc2 37. Re2 Bd3 38. Re3 Rd8 39. Be7
Re8 40. Bxf6 Rxe3 41. fxe3 g4 42. Kf2 Be4 43. Kg3 Kf7 44. Bd4 h4+ 45. Kxg4 Bxg2
46. Kxh4 Kg6 47. Kg3 Be4 48. Kf4 Bg2 49. h4 Bh3 50. e4 Kh5 51. Bf2 Bg4 52. e5
Be6 53. Ke4 Kg4 54. Kd4 Kf3 55. h5 Kxf2 56. Ke4 Kg3 57. h6 Bg8 58. Kf5 Bh7+ 59.
Kg5 Kf3 60. e6 1-0

[Event "Challenge"]
[Site "http://www.queenalice.com/game.php?id=313933"]
[Date "2007.12.2"]
[Round "-"]
[White "pauluk"]
[Black "mustangmike"]
[Result "1-0"]
[WhiteElo "1692"]
[BlackElo "1880"]

1. e4 e5 2. Nf3 Nc6 3. Bb5 Be7 4. Nc3 Nf6 5. d3 O-O 6. Bxc6 dxc6 7. Nxe5 Bd6 8.
Nf3 Be6 9. e5 Bxe5 10. Nxe5 Qd4 11. Nf3 Qd6 12. O-O Rae8 13. Bg5 Ng4 14. Ne4 Qd5
15. c4 Qa5 16. h3 Ne5 17. Bd2 Nxf3+ 18. Qxf3 Qb6 19. Bc3 f6 20. Qg3 Kh8 21. b4
a6 22. a4 Rd8 23. c5 Qa7 24. Qxc7 Rxd3 25. Qe7 1-0

[Event "Challenge"]
[Site "http://www.queenalice.com/game.php?id=341292"]
[Date "2008.1.23"]
[Round "-"]
[White "ousado"]
[Black "pauluk"]
[Result "0-1"]
[WhiteElo "1288"]
[BlackElo "1697"]

1. e4 e5 2. Nf3 Nc6 3. Bb5 Nf6 4. O-O a6 5. Ba4 b5 6. Bb3 Bc5 7. d3 O-O 8. Bg5
Bd4 9. Nxd4 Nxd4 10. f4 d6 11. fxe5 dxe5 12. Bxf6 gxf6 13. Qh5 Nxb3 14. axb3
Qd4+ 0-1

[Event "Another one?"]
[Site "http://www.queenalice.com/game.php?id=341293"]
[Date "2008.1.23"]
[Round "-"]
[White "jwh"]
[Black "pauluk"]
[Result "1-0"]
[WhiteElo "1849"]
[BlackElo "1720"]

1. e4 c6 2. d4 d5 3. Nc3 dxe4 4. Nxe4 Bf5 5. Ng3 e6 6. Nxf5 exf5 7. Nf3 Nf6 8.
Bd3 Bd6 9. O-O Qd7 10. Re1+ Be7 11. Qe2 h6 12. Bxf5 Qd8 13. Bf4 Nd5 14. Be5 O-O
15. c4 Nf6 16. Bxb8 Bb4 17. Be5 Bxe1 18. Qxe1 b5 19. cxb5 Re8 20. bxc6 Qd5 21.
c7 Nd7 22. Be4 Qe6 23. Bxa8 Rxa8 24. Qb4 Rc8 25. Qb7 Nb6 26. b3 f6 27. Bg3 Kh7
28. Re1 Qd7 29. Qxa7 Nd5 30. Rc1 g5 31. Qb7 f5 32. Rc5 f4 33. Rxd5 Qxd5 34. Qxd5
Rxc7 35. Qe4+ Kg8 36. Bxf4 gxf4 37. h4 1-0

[Event "1697"]
[Site "http://www.queenalice.com/game.php?id=349304"]
[Date "2008.2.6"]
[Round "-"]
[White "Benoliel"]
[Black "pauluk"]
[Result "1-0"]
[WhiteElo "2000"]
[BlackElo "1697"]

1. e4 e5 2. Nf3 Nc6 3. Bc4 Nf6 4. Nc3 Bb4 5. d4 Nxe4 6. O-O Nxc3 7. bxc3 Bxc3 8.
Rb1 Nxd4 9. Nxe5 d5 10. Rb3 Nxb3 11. Bxb3 Bxe5 12. Re1 f6 13. f4 Qd6 14. fxe5
fxe5 15. Bxd5 Be6 16. Bxe6 Qxe6 17. Bf4 Rd8 18. Qh5+ g6 19. Qh6 Kf7 20. Bxe5
Rdg8 21. Qf4+ Qf5 22. Qc4+ Qe6 23. Rf1+ Ke7 24. Qxc7+ Qd7 25. Rf7+ Kxf7 26.
Qxd7+ Kf8 27. Bd6# 1-0

[Event "Challenge"]
[Site "http://www.queenalice.com/game.php?id=369633"]
[Date "2008.3.12"]
[Round "-"]
[White "mustangmike"]
[Black "pauluk"]
[Result "1-0"]
[WhiteElo "1900"]
[BlackElo "1708"]

1. e4 e5 2. Nf3 Nc6 3. Nc3 Nf6 4. Be2 Bc5 5. h3 d5 6. exd5 Nxd5 7. Ne4 b6 8.
Nxc5 bxc5 9. Bb5 Bd7 10. Bxc6 Bxc6 11. O-O Nf4 12. d3 Qf6 13. Bxf4 Bxf3 14. Qxf3
Qxf4 15. Qxa8+ Ke7 16. Qxh8 1-0

[Event "Challenge"]
[Site "http://www.queenalice.com/game.php?id=432576"]
[Date "2008.7.13"]
[Round "-"]
[White "pauluk"]
[Black "danihel"]
[Result "1-0"]
[WhiteElo "1704"]
[BlackElo "1773"]

1. e4 e5 2. Nf3 Qf6 3. Nc3 a6 4. Bc4 b5 5. Nd5 Qc6 6. Bb3 Ne7 7. Nxe7 Bxe7 8.
Bd5 Qb6 9. Bxa8 c6 10. Nxe5 Qa7 11. Qf3 Rf8 12. Bxc6 dxc6 13. Qc3 Bb7 14. O-O c5
15. d3 Bf6 16. Bf4 g5 17. Be3 Be7 18. Rad1 b4 19. Qc4 f6 20. Ng4 Nd7 21. Qxb4
Bd6 22. Qc3 h5 23. Nh6 Be5 24. d4 cxd4 25. Bxd4 Bxd4 26. Rxd4 Kd8 27. Rfd1 Bc8
28. Qa5+ Ke7 29. Nf5+ Kf7 30. Nd6+ Kg8 31. Nxc8 Rxc8 32. Rxd7 Qa8 33. Rd8+ Kg7
34. Rxc8 Qxc8 35. Qd2 Kg6 36. Qd3 Kh6 37. Qc3 Qxc3 38. bxc3 1-0

[Event "Let's Play Chess!"]
[Site "http://www.queenalice.com/game.php?id=436055"]
[Date "2008.7.20"]
[Round "-"]
[White "pauluk"]
[Black "CampbellMarcel"]
[Result "1-0"]
[WhiteElo "1682"]
[BlackElo "1819"]

1. e4 h5 2. d4 d5 3. e5 Bf5 4. Nc3 e6 5. Nf3 Be7 6. Bb5+ c6 7. Bd3 Bxd3 8. Qxd3
g6 9. O-O Nh6 10. Na4 b5 11. Nc5 Bxc5 12. dxc5 Nf5 13. Bg5 Qd7 14. Bf6 O-O 15.
Nd4 Nxd4 16. Qxd4 Qe8 17. Qf4 Kh7 18. g4 Nd7 19. Kh1 Nxf6 20. Qxf6 hxg4 21. Qh4+
Kg7 22. Rg1 f5 23. exf6+ Rxf6 24. Rxg4 Qf7 25. f4 Rh8 26. Qg3 Rh5 27. Re1 Kh7
28. b4 Rhf5 29. Rf1 e5 30. Qh3+ Kg7 31. Rh4 Rh5 32. Rxh5 gxh5 33. Rg1+ Kf8 34.
fxe5 1-0

[Event "Challenge"]
[Site "http://www.queenalice.com/game.php?id=468192"]
[Date "2008.9.25"]
[Round "-"]
[White "KeO"]
[Black "pauluk"]
[Result "0-1"]
[WhiteElo "1671"]
[BlackElo "1739"]

1. e4 e5 2. Bc4 Nf6 3. Nf3 Nc6 4. Ng5 d5 5. exd5 Nxd5 6. Qf3 Qxg5 7. Bxd5 Bf5 8.
Bxc6+ Bd7 9. Bxb7 Rd8 10. O-O Bd6 11. d4 Qf5 12. Bd5 O-O 13. dxe5 Bxe5 14. Qxf5
Bxf5 15. c4 Rfe8 16. f4 Bd4+ 17. Kh1 Bf2 18. Nc3 Bd3 19. Ne2 Rxe2 20. Rd1 Bxc4
21. Be3 Rxd5 22. Bxf2 Rxf2 23. Re1 h6 24. g3 Rdd2 25. Rad1 Rxh2+ 26. Kg1 Rdg2#
0-1

[Event "Challenge"]
[Site "http://www.queenalice.com/game.php?id=468193"]
[Date "2008.9.25"]
[Round "-"]
[White "Kamikase"]
[Black "pauluk"]
[Result "0-1"]
[WhiteElo "1711"]
[BlackElo "1723"]

1. e4 e5 2. Nf3 Nc6 3. Bc4 Nf6 4. Nc3 Bc5 5. d3 a6 6. Ng5 O-O 7. Qf3 b5 8. Bd5
Nxd5 9. Nxd5 Nd4 10. Qh5 h6 11. O-O c6 12. Ne3 Qxg5 13. Qd1 d6 14. Nc4 Qg6 15.
Ne3 d5 16. exd5 cxd5 17. Re1 Re8 18. Nxd5 Bh3 19. g3 Qc6 20. c4 bxc4 21. dxc4 e4
22. Be3 Nf3+ 23. Kh1 Nxe1 24. Qxe1 Bxe3 25. Nxe3 Red8 26. b3 Rd3 27. Nd5 e3 28.
fxe3 Rxd5 0-1

[Event "Challenge"]
[Site "http://www.queenalice.com/game.php?id=496724"]
[Date "2008.11.22"]
[Round "-"]
[White "pauluk"]
[Black "charles31"]
[Result "0-1"]
[WhiteElo "1739"]
[BlackElo "1731"]

1. e4 e5 2. Nf3 Bb4 3. Nxe5 Qe7 4. f4 d6 5. Nd3 Qxe4+ 6. Qe2 Qxe2+ 7. Bxe2 Ba5
8. O-O Bb6+ 9. Kh1 Bd7 10. Nc3 Na6 11. Re1 O-O-O 12. b4 Nf6 13. a4 c6 14. b5 Nc5
15. a5 Bc7 16. b6 Bb8 17. Nf2 a6 18. d4 Ne6 19. g4 Nxd4 20. Ra2 Nxe2 21. Rxe2
Bxg4 22. Re7 Rde8 23. Rxe8+ Rxe8 24. Kg2 Be6 25. Ra4 d5 26. Nd3 Bd6 27. h3 Bf5
28. Be3 Bxd3 29. cxd3 Rxe3 30. Nd1 Rxd3 31. Nf2 Rd2 32. Kf3 Nh5 33. Ng4 c5 0-1